Biochemistry: (Record no. 187713)
[ view plain ]
| 000 -LEADER | |
|---|---|
| fixed length control field | 00630nam a22001817a 4500 |
| 005 - DATE AND TIME OF LATEST TRANSACTION | |
| control field | 20220428153430.0 |
| 010 ## - LCCN (DPL NO) | |
| LC control number | ENG-132436 |
| 020 ## - INTERNATIONAL STANDARD BOOK NUMBER | |
| International Standard Book Number | 9789385616334 |
| Terms of availability | 495.00 |
| 035 ## - SYSTEM CONTROL NUMBER | |
| System control number | EN-115968 |
| 037 ## - SOURCE OF ACQUISITION | |
| Source of stock number/acquisition | DBAD/PUB |
| 082 ## - DEWEY DECIMAL CLASSIFICATION NUMBER | |
| Classification number | 612.015024613 |
| 100 ## - MAIN ENTRY--PERSONAL NAME | |
| Personal name | Rao, P. Prabhakar |
| 245 ## - TITLE STATEMENT | |
| Title | Biochemistry: |
| Remainder of title | B.Sc.Nursing First Year/ |
| Statement of responsibility, etc | P. Prabhakar Rao |
| 260 ## - PUBLICATION, DISTRIBUTION, ETC. (IMPRINT) | |
| Place of publication, distribution, etc | Vijayawada |
| Name of publisher, distributor, etc | Vijayam Publications |
| Date of publication, distribution, etc | 2022 |
| 270 ## - ADDRESS | |
| Address | 219, Prakasam Road, |
| City | Vijayawada |
| Postal code | 517501 |
| Telephone number | 0877-2222371, 9885479105 |
| Fax number | 2222374 |
| Electronic mail address | vijayampublicationstirupati@gmail.com |
| 300 ## - PHYSICAL DESCRIPTION | |
| Extent | Vp. |
| Other physical details | Index |
| Dimensions | 24cm(pbk) |
| 942 ## - ADDED ENTRY ELEMENTS (KOHA) | |
| Source of classification or shelving scheme | Dewey Decimal Classification |
| Item type | English Books |
| Classification part | 612.015024613 |
| Call number suffix | RAO |
| Withdrawn status | Lost status | Not for loan | Collection code | Home library | Current library | Date acquired | Source of acquisition | Cost, normal purchase price | Full call number | Barcode | Copy number | Cost, replacement price | Koha item type |
|---|---|---|---|---|---|---|---|---|---|---|---|---|---|
| Non-fiction | Patel Nagar | Patel Nagar | 28/04/2022 | DBAD/PUB | 495.00 | 612.015024613 RAO | EN-115968 | 1 | 495.00 | English Books |
